MARC

Tag First Indicator Second Indicator Subfields
LEADER 00000cam a2200000 a 4500
001 in00002406821
005 20151109102525.0
008 080225s2008 nyua b 001 0 eng
010 |a  2008008606 
015 |a GBA825144  |2 bnb 
016 7 |a 014536971  |2 Uk 
019 |a 183260384 
020 |a 9780521864008 (hardback) 
020 |a 0521864003 (hardback) 
020 |a 9780521682541 (pbk.) 
020 |a 0521682541 (pbk.) 
029 1 |a NZ1  |b 12237267 
035 |a (OCoLC)ocn212376142 
035 |a (OCoLC)212376142  |z (OCoLC)183260384 
040 |a DLC  |c DLC  |d UKM  |d BTCTA  |d BAKER  |d YDXCP  |d BWKUK  |d BWK  |d BWX  |d CDX  |d UtOrBLW 
043 |a e-uk-en 
049 |a TXAM 
050 0 0 |a PN2587  |b .C36 2008 
082 0 0 |a 792.0942/0902  |2 22 
245 0 4 |a The Cambridge companion to medieval English theatre /  |c edited by Richard Beadle and Alan J. Fletcher. 
250 |a 2nd ed. 
264 1 |a Cambridge ;  |a New York :  |b Cambridge University Press,  |c 2008. 
300 |a xxi, 398 pages :  |b illustrations ;  |c 24 cm. 
336 |a text  |b txt  |2 rdacontent 
337 |a unmediated  |b n  |2 rdamedia 
338 |a volume  |b nc  |2 rdacarrier 
490 1 |a Cambridge companions to literature 
504 |a Includes bibliographical references (pages 361-388) and indexes. 
505 0 |a An introduction to medieval English theatre / Alexandra F. Johnston -- The theatricality of medieval English plays / Meg Twycross -- The cultural work of early drama / Greg Walker -- The York Corpus Christi play / Richard Beadle -- The Chester cycle / David Mills -- The Towneley pageants / Peter Meredith -- The N-Town plays / Alan J. Fletcher -- The non-cycle plays and the East Anglian tradition / John C. Coldewey -- Morality plays / Pamela M. King -- Saints and miracles / Darryll Grantley -- Modern productions of medieval English drama / John McKinnell -- A guide to criticism of medieval English theatre / Peter Happé. 
650 0 |a Theater  |z England  |x History  |y Medieval, 500-1500. 
650 0 |a English drama  |y To 1500  |x History and criticism. 
650 0 |a Christian drama, English (Middle)  |x History and criticism. 
650 0 |a Bible plays, English  |x History and criticism. 
700 1 |a Beadle, Richard. 
700 1 |a Fletcher, Alan J. 
830 0 |a Cambridge companions to literature. 
856 4 2 |3 Contributor biographical information  |u http://www.loc.gov/catdir/enhancements/fy0810/2008008606-b.html  |t 0 
856 4 2 |3 Publisher description  |u http://www.loc.gov/catdir/enhancements/fy0810/2008008606-d.html  |t 0 
856 4 1 |3 Table of contents only  |u http://www.loc.gov/catdir/enhancements/fy0810/2008008606-t.html  |t 0 
938 |a Baker and Taylor  |b BTCP  |n BK0007550763 
938 |a Baker & Taylor  |b BKTY  |c 29.99  |d 29.99  |i 0521682541  |n 0007546826  |s active 
938 |a Baker & Taylor  |b BKTY  |c 90.00  |d 90.00  |i 0521864003  |n 0007550763  |s active 
938 |a YBP Library Services  |b YANK  |n 2791915 
938 |a Blackwell Book Service UK  |b BBUK  |n L7788392  |c 45.00 
938 |a Blackwell Book Service  |b BBUS  |n R6724426  |c $29.99 
938 |a Coutts Information Services  |b COUT  |n 6718101  |c 90.00 USD 
945 |a PromptCat  |b 493947 
946 |a stk 
947 |a A14836745960 
994 |a 92  |b TXA 
948 |a cataloged  |b h  |d 2008/9/5  |h c  |e asalazar  |f 4:50:43 pm 
999 |a MARS 
999 f f |s cb9e5315-cad8-3906-b8cd-3548c6cd4b3c  |i fb927180-3c00-3df0-84e9-72fa3353870a  |t 0 
952 f f |p 4_hour  |a Texas A&M University  |b College Station  |c Sterling C. Evans Library  |d Evans: Media and Reserves (Evans 1st floor)  |t 0  |e PN2587 .C36 2008  |h Library of Congress classification  |i unmediated -- volume  |m A14836745960 
998 f f |a PN2587 .C36 2008  |t 0  |l Evans: Library Stacks